Catálogo
 En Linea

" A la casa Jehová iresmos". (Registro nro. 20231)

Detalles MARC
000 -CABECERA
campo de control de longitud fija 00417nam a2200145 u 4500
001 - NÚMERO DE CONTROL
campo de control 000020727
005 - FECHA Y HORA DE LA ÚLTIMA TRANSACCIÓN
campo de control 20200930011143.0
008 - DATOS DE LONGITUD FIJA--INFORMACIÓN GENERAL
campo de control de longitud fija 100813s19uu dr r 001 0 spa d
040 ## - FUENTE DE LA CATALOGACIÓN
Centro catalogador/agencia de origen DO-SdBNP
Lengua de catalogación spa
Centro/agencia transcriptor BPJMD
082 ## - NÚMERO DE LA CLASIFICACIÓN DECIMAL DEWEY
Número de clasificación xxxx
Número de documento/Ítem C334J
245 00 - MENCIÓN DE TÍTULO
Título " A la casa Jehová iresmos".
260 ## - PUBLICACIÓN, DISTRIBUCIÓN, ETC.
Lugar de publicación, distribución, etc. [Santo Domingo] :
Nombre del editor, distribuidor, etc. Escuela Biblica de Vacaciones,
Fecha de publicación, distribución, etc. [190?].
300 ## - DESCRIPCIÓN FÍSICA
Extensión 14 p. :
Otras características físicas il. ;
Dimensiones 22 cm.
500 ## - NOTA GENERAL
Nota general Libro del alumno

No hay ítems disponibles.

Con tecnología Koha